30 Most corrupt countries - Statistics

General Stats
  • This quiz has been taken 51 times
  • The average score is 23 of 30
Answer Stats
Rank Country % Correct
18 D. R. Congo
93%
6 Afghanistan
89%
11 Libya
89%
16 Republic of the Congo
89%
1 Somalia
89%
12 Iraq
87%
3 Syria
87%
13 Venezuela
87%
5 Yemen
87%
15 Chad
83%
4 North Korea
83%
2 South Sudan
83%
9 Sudan
83%
21 Zimbabwe
83%
14 Angola
80%
23 Uzbekistan
80%
10 Burundi
78%
22 Mozambique
78%
20 Turkmenistan
78%
24 Eritrea
76%
29 Tajikistan
76%
26 Cameroon
72%
19 Haiti
72%
7 Equatorial Guinea
67%
8 Guinea-Bissau
67%
27 Madagascar
67%
28 Nicaragua
67%
25 Azerbaijan
61%
17 Cambodia
54%
30 Bangladesh
52%
No matching quizzes found
Score Distribution
Percent of People with Each Score
Percentile by Number Answered
Your Score History
You have not taken this quiz